[Event "Seville op 39th"]
[Site "Seville"]
[Date "2014.01.10"]
[Round "1"]
[White "Padeiro, Jose Joao Tato"]
[Black "Cortes Ferre, Luis"]
[Result "1-0"]
[WhiteElo "2337"]
[BlackElo "1792"]
[PlyCount "115"]
[EventDate "2014.01.10"]
[EventType "swiss"]
[EventRounds "9"]
[EventCountry "ESP"]
[SourceTitle "CBM 158 Extra"]
[Source "ChessBase"]
[SourceDate "2014.02.28"]
[SourceVersion "1"]
[SourceVersionDate "2014.02.28"]
[SourceQuality "1"]

1. c4 f5 2. Nc3 Nf6 3. g3 e6 4. Bg2 d5 5. d4 c6 6. Nh3 Bd6 7. 0-0 0-0 8. Bf4 Qe7 9. Qc2 Nbd7 10. b3 Ne4 11. f3 Nxc3 12. Qxc3 Nf6 13. Bxd6 Qxd6 14. Nf2 Bd7 15. Nd3 Rae8 16. a4 Bc8 17. c5 Qc7 18. b4 Nd7 19. f4 Kh8 20. b5 Rg8 21. Rfb1 g5 22. e3 h5 23. b6 Qb8 24. bxa7 Qxa7 25. a5 h4 26. fxg5 Rxg5 27. gxh4 Rg4 28. h3 Rxh4 29. Qe1 Rh7 30. Qg3 Qb8 31. Qxb8 Nxb8 32. Ne5 Rg8 33. Kh2 Nd7 34. Nxd7 Rxd7 35. Rf1 Rdg7 36. Ra2 Rg3 37. Rf3 R3g7 38. Rf4 Kh7 39. Bf1 Kg6 40. Rg2+ Kf6 41. Rxg7 Rxg7 42. Rh4 e5 43. Rh6+ Kg5 44. Rh8 Be6 45. dxe5 f4 46. h4+ Kg4 47. Bh3+ Kf3 48. Bxe6 Kxe3 49. h5 d4 50. h6 Re7 51. Bg4 d3 52. e6 d2 53. Rd8 f3 54. Kg3 f2 55. Kg2 Rh7 56. Rf8 Rxh6 57. e7 Re6 58. e8Q 1-0